000 00433nam a2200193Ia 4500
008 240510s9999 xx 000 0 und d
020 _a0000408018208
041 _aEng
082 _a006.3
082 _bJ15
100 _aJAMES M.
245 0 _aBASIC ARTIFICIAL INTELLIGENCE
260 _bLONDON : BUTTER WORTH
260 _c1986
300 _a145 p.
650 _aARTIFICIAL INTELLIGENCE
942 _2ddc
942 _cLBK
999 _c25303
_d25303
945 _a1
_bMadushi Gamage
_c1
_dMadushi Gamage